000 00416nam a2200181Ia 4500
001 4207
005 20260306145739.0
008 260306t1976||||xx |||||||||||||| ||spa||
041 _aESP
082 _a320.01
_bD16
100 _aDahl, Robert A.
_eAUT
245 0 _aModern political analysis
260 _c1976
300 _a156 páginas :
_c23 cm.
650 _aGEN
654 _aCDE
942 _cLIB
_dJUS
_fJUS
_2ddc
_n
999 _c4207
_d4207